Las políticas económicas en el gobierno de Alfonsín (Registro nro. 25606)
[ vista simple ]
| 000 -LEADER | |
|---|---|
| fixed length control field | 00339 a2200109 4500 |
| 001 - CONTROL NUMBER | |
| control field | ART_11470 |
| 005 - DATE AND TIME OF LATEST TRANSACTION | |
| control field | 20260410161857.0 |
| 008 - FIXED-LENGTH DATA ELEMENTS--GENERAL INFORMATION | |
| fixed length control field | 260409a |
| 100 1# - MAIN ENTRY--PERSONAL NAME | |
| Personal name | Visintini, Alfredo |
| 245 10 - TITLE STATEMENT | |
| Title | Las políticas económicas en el gobierno de Alfonsín |
| 773 0# - HOST ITEM ENTRY | |
| Title | Revista de Economía |
| Related parts | - Nº 68 (ene./mar. 1993) |
| Record control number | REV11077 |
No hay ítems disponibles.